000 00662nam a2200205Ia 4500
005 20250923145606.0
008 008 250917s9999 xx 000 0 eng d
037 _aTextual
040 _aDSWL
_beng
_cDSWL
041 _aeng
_2eng
084 _aY5927:4:7.262, N82
_qDSWL
100 _aRay, U.K.
_9836944
245 0 _aPlanning for the scheduled tribes and scheduled castes : A West Bengal prospective
_c by U.K.Ray
260 _aCalcutta
_bCultural Res. Instt. for S/C & S/T w. department
_c1982
300 _axii,201 p.
365 _aINR
_b10.00
925 _g10.00
942 _cTEXL
_hY5927:4:7.262, N82
999 _c1453243
_d1453243